logo

Bir Sreshtho Munshi Abdur Rouf Library
Jhenaidah Cadet College

বিশ্বনবী হযরত মুহাম্মদ মুস্তফা (সাঃ)-এর জীবনী : (Record no. 11543)

MARC details
000 -LEADER
fixed length control field 00963nam a2200217 a 4500
001 - CONTROL NUMBER
JCCL Control Number 11534
003 - CONTROL NUMBER IDENTIFIER
JCCL marc code BD-JhCC
005 - DATE AND TIME OF LATEST TRANSACTION
control field 20201102134019.0
008 - FIXED-LENGTH DATA ELEMENTS--GENERAL INFORMATION
fixed length control field 200321s20132018xxua|||| |||| 00| 0 ban d
035 ## - SYSTEM CONTROL NUMBER
system control number (BD-JhCC)11543
040 ## - CATALOGING SOURCE
Original cataloging agency BD-JhCC
Modifying agency BD-JhCC
041 ## - LANGUAGE CODE
Language code of Book ben
082 ## - DEWEY DECIMAL CLASSIFICATION NUMBER
Classification number 297.63
Author mark and Year BIS 2018
245 ## - TITLE STATEMENT
Title বিশ্বনবী হযরত মুহাম্মদ মুস্তফা (সাঃ)-এর জীবনী :
Remainder of title সিরাত এলবামসহ /
Statement of responsibility, etc সম্পাদনায় হযরত মাওলানা আহমদ ছৈয়দ কাওছার
260 ## - PUBLICATION, DISTRIBUTION, ETC. (IMPRINT)
Place of publication, distribution, etc ঢাকা :
Name of publisher, distributor, etc জোনাকী প্রকাশনী,
Date of publication, distribution, etc ২০১৮
300 ## - PHYSICAL DESCRIPTION
Pagination ৩৫২ পৃ. :
Other physical details চিত্রবলী,
Dimensions ২৭ সেমি.
600 ## - SUBJECT ADDED ENTRY--PERSONAL NAME
Personal name Hazrat Muhammad (SA.)
Dates associated with a name 570-632
650 ## - SUBJECT ADDED ENTRY--TOPICAL TERM
Topical term or geographic name as entry element Biography
700 ## - ADDED ENTRY--PERSONAL NAME
Personal name কাওছার, হযরত মাওলানা আহমদ ছৈয়দ
942 ## - ADDED ENTRY ELEMENTS (KOHA)
Source of classification or shelving scheme Dewey Decimal Classification
Koha item type Books
Koha issues (borrowed), all copies 4
Holdings
Source of classification or shelving scheme Damaged status Not for loan Home library Current library Shelving location Date of accession Cost, normal purchase price Total Checkouts Full call number Barcode Checked out Date last seen Date checked out Copy number Koha item type
Dewey Decimal Classification     JCC Rouf Library JCC Rouf Library General Stacks 03/21/2020 450.00 2 297.63 BIS 2018 15860 12/07/2020 11/01/2020 11/01/2020 C-1 Books

JCC Library | Contacts | JCC Home

Last Update on 23 September 2017
Copyright @ 2017-2020 JCC Rouf Library
Rouf Library, Jhenidah Cadet College (JCC), Bangladesh